000 00942nam a2200265Ia 4500
003 OSt
005 20221005112711.0
006 a|||||r|||| 00| 0
007 ta
008 221004b |||||||| |||| 00| 0 pan d
020 _a9788182991965 (hbk)
_cINR 250.00
024 _a39018
037 _b1027, 12/03/2018, H.K. Prakashan
_cTextual
040 _aCRL
_cCRL
_bpan
041 _2pan
_apan
082 _aO153,3NSI8x, Q7
100 _aਸਿੰਘ, ਜਗਜੀਤ ਕੇ., ਂਚ.
245 0 _aਅੰਦਾਗ਼ ਆਪੋ ਆਪਣਾ
260 _aਦਿੱਲੀ
_bਆਰਸੀ ਪਬਲਿFਰਗ਼ ਭਾਰਤ
_c2017
300 _a136ਪ0
_ccm.
650 _a ਪੰਜਾਬੀ ਕਹਾਣੀ
650 _aਪੰਜਾਾਬੀ ਸਾਹਿਤ
942 _hO153,3NSI8x, Q7
_cTEXL
_2cc
999 _c1025693
_d1025693